Visages des contemporains (Record no. 135954)

MARC details
000 -LEADER
campo de control de longitud fija 00588nam a2200181 4500
001 - NÚMERO DE CONTROL
campo de control 135954
003 - IDENTIFICADOR DE NÚMERO DE CONTROL
campo de control ES-MaACL
005 - FECHA Y HORA DE LA ÚLTIMA TRANSACCIÓN
campo de control 20230906195010.0
007 - CAMPO FIJO DE DESCRIPCIÓN FÍSICA--INFORMACIÓN GENERAL
campo de control de longitud fija t|
008 - DATOS DE LONGITUD FIJA--INFORMACIÓN GENERAL
campo de control de longitud fija 070214s1913 fr r ||||1| fre d
100 1# - ENTRADA PRINCIPAL--NOMBRE DE PERSONA
Nombre de persona Rouveyre, André.
9 (RLIN) 100094
245 10 - MENCIÓN DEL TÍTULO
Título Visages des contemporains
Resto del título : portraits dessinés d'apres le vif : (1908-1913) /
Mención de responsabilidad, etc. André Rouveyre ; preface de Remy de Gourmont.
250 ## - MENCION DE EDICION
Mención de edición 4ª. ed.
260 ## - PUBLICACIÓN, DISTRIBUCIÓN, ETC.
Lugar de publicación, distribución, etc. Paris :
Nombre del editor, distribuidor, etc. Mercure de France,
Fecha de publicación, distribución, etc. 1913.
300 ## - DESCRIPCIÓN FÍSICA
Extensión XII, 288 p. ;
Dimensiones 19 cm.
700 1# - ENTRADA AGREGADA--NOMBRE PERSONAL
Nombre de persona Gourmont, Rémy de (
Fechas asociadas al nombre 1858-1916)
9 (RLIN) 59362
852 ## - LOCALIZACIÓN
Ubicación ES-MaACL
Número de control de estantería F-7454
Holdings
Estatus retirado Estado de pérdida Estado de daño No para préstamo Biblioteca de origen Biblioteca actual Ubicación en estantería Fecha de adquisición Fuente de adquisición Total de préstamos Signatura topográfica completa Código de barras Visto por última vez Precio de reemplazo Tipo de ítem Koha
        Biblioteca del Ateneo de Madrid Biblioteca del Ateneo de Madrid Depósito 2 17/01/2008     F-7454 1141496 23/02/2023 23/02/2023 Libro impreso